Random non country flag - Statistics

General Stats
  • This quiz has been taken 14 times
  • The average score is 5 of 10
Answer Stats
Picture Answer % Correct
Isle of Man
100%
Northern Ireland
69%
Curaçao
62%
Quebec
62%
Faroe Islands
54%
Aruba
46%
Ohio
46%
Nunavut
38%
Saint Pierre and Miquelon
15%
Tristan da Cunha
0%
No matching quizzes found
Score Distribution
Percent of People with Each Score
Percentile by Number Answered
Your Score History
You have not taken this quiz